| 000 | 00355nam a2200145Ia 4500 | ||
|---|---|---|---|
| 008 | 150201s2013 xx 000 0 und d | ||
| 082 |
_a612 _bE13S |
||
| 100 | _aSEMBULINGAM , K. | ||
| 245 | _aESSENTIALS OF MEDICAL PHYSIOLOGY | ||
| 250 | _a6TH | ||
| 260 |
_bJAYPEE _aDELHI _c2013 |
||
| 300 | _a1-1092 | ||
| 650 | _aHUMAN PHYSIOLOGY | ||
| 942 |
_2ddc _cBK _0124 |
||
| 999 |
_c1461 _d1461 |
||